Bayer Leverkusen - Tous les joueurs (2010-2020) - Statistiques

Statistiques générales
  • Ce quiz a été pris 92 fois
  • Le résultat moyen est 21 sur 88
Statistiques - réponses
Saisons Nationalité Joueur Nb de matchs % Correct
2016-2020 Jamaïque Leon Bailey 89
80%
2019-2020 France Moussa Diaby 28
80%
2010-2020 Allemagne Lars Bender 222
78%
2013-2016 Corée du Sud Son Heung-min 62
78%
2017-2020 Allemagne Sven Bender 89
78%
2015-2020 Allemagne Jonathan Tah 134
75%
2015-2020 Chili Charles Aranguiz 111
68%
2011-2018 Allemagne Bernd Leno 233
63%
2011-2020 Allemagne Karim Bellarabi 169
62%
2018-2020 Finlande Lukas Hradecky 66
62%
2010-2011 Croatie Domagoj Vida 1
59%
2016-2020 Allemagne Kai Havertz 118
57%
2016-2020 Allemagne Kevin Volland 115
57%
2015-2017 Mexique Javier Hernandez 54
54%
2014-2020 Brésil Wendell 164
53%
2019-2020 Burkina Faso Edmond Tapsoba 14
50%
2017-2020 Argentine Lucas Alario 74
49%
2019-2020 Allemagne Florian Wirtz 7
47%
2013-2019 Allemagne Julian Brandt 165
47%
2010-2011 Chili Arturo Vidal 33
46%
2014-2017 Turquie Hakan Calhanoglu 79
46%
2019-2020 Allemagne Kerem Demirbay 25
46%
2014-2019 Croatie Tin Jedvaj 81
41%
2010-2018 Allemagne Stefan Kiessling 214
39%
2015-2018 Slovénie Kevin Kampl 53
37%
2011-2017 Turquie Ömer Toprak 154
37%
2018-2020 Brésil Paulinho 28
36%
2016-2020 Autriche Julian Baumgartlinger 92
33%
2019-2020 Allemagne Nadiem Amiri 31
33%
2019-2020 Argentine Exequiel Palacios 3
30%
2012-2013 Espagne Dani Carvajal 32
26%
2018-2020 Allemagne Mitchell Weiser 44
26%
2016-2020 Autriche Aleksandar Dragovic 53
25%
2013-2014 Allemagne Emre Can 29
24%
2014-2016 Grèce Kyriakos Papadopoulos 30
24%
2015-2018 Suisse Admir Mehmedi 62
21%
2011-2013 Allemagne André Schürrle 65
20%
2019-2020 Pays-Bas Daley Sinkgraven 13
20%
2010-2015 Allemagne Gonzalo Castro 137
20%
2016-2018, 2019-2020 Finlande Joe Pohjanpalo 19
20%
2015-2018 Allemagne Benjamin Henrichs 61
17%
2013-2015 Bosnie-Herzégovine Emir Spahic 49
16%
2010-2012 Allemagne Michael Ballack 35
16%
2014-2015 Suisse Josip Drmic 25
14%
2017-20182019-2020 Grèce Panagiotis Retsos 27
14%
2011-2012, 2016-2017 Allemagne Danny da Costa 9
13%
2017-2019 Autriche Ramazan Özcan 3
12%
2015-2016 Allemagne Christoph Kramer 28
11%
2013-2014 Mexique Andrés Guardado 4
9%
2012-2013 Pologne Arkadiusz Milik 6
9%
2010-2012, 2013-2014 Suisse Eren Derdiyok 75
9%
2013-2016 Australie Robbie Kruse 21
9%
2013-2016 Italie Giulio Donati 43
8%
2010-2011 Allemagne René Adler 32
8%
2010-2014 Allemagne Sidney Sam 92
8%
2015-2016, 2017-2018 Brésil André Ramalho 22
7%
2011-2014, 2017-2019 Allemagne Dominik Kohr 54
7%
2012-2013 Chili Junior Fernandes 6
7%
2010-2016 Allemagne Manuel Friedrich 49
7%
2010-2013 Brésil Renato Augusto 51
7%
2010-2011 Finlande Sami Hyypiä 21
7%
2010-2012 Suisse Tranquillo Barnetta 31
7%
2013-2014 Grèce Kostas Stafylidis 1
5%
2010-2015 Allemagne Simon Rolfes 144
5%
2015-2016 Croatie Dario Kresic 1
4%
2015-2016 Etats-Unis David Yelldell 1
4%
2010-2011 Allemagne Patrick Helmes 11
4%
2012-2016 Pologne Sebastian Boenisch 59
4%
2010-2015 Allemagne Stefan Reinartz 116
4%
2011-2012 Croatie Vedran Corluka 7
4%
2014-2017 Ukraine Vladlen Yurchenko 13
4%
2010-2013 Allemagne Daniel Schwaab 65
3%
2010-2012 Allemagne Fabian Giefer 3
3%
2012-2013 Japon Hajime Hosogai 17
3%
2010-2012 Allemagne Hanno Balitsch 32
3%
2018-2019 Suède Isaac Kiese Thelin 6
3%
2012-2014 Allemagne Jens Hegeler 45
3%
2015-2016 Allemagne Marlon Frey 9
3%
2010-2013 Rép. Tchèque Michal Kadlec 75
3%
2010-2012 Danemark Nicolai Jorgensen 10
3%
2013-2017 Allemagne Roberto Hilbert 58
3%
2011-2012 Allemagne Bastian Oczipka 9
1%
2013-2015 Allemagne Levin Öztunali 15
1%
2012-2013 Allemagne Michael Rensing 2
1%
2012-2013 Allemagne Okan Aydin 1
1%
2012-2014 Allemagne Philipp Wollscheid 51
1%
2013-2014 Corée du Sud Ryu Seung-woo 2
1%
2011-2012 Allemagne Samed Yesil 1
1%
Aucun quiz correspondant
Distribution des résultats
% des personnes avec chaque résultat
Percentile par nombre de réponses
Votre historique - résultats
Vous n’avez pas pris ce quiz